Ku stretu záujmov.

Výklad zákona č. 231/1992 Zb., ktorým sa mení a dopĺňa Zákonník práce a zákon o zamestnanosti. Osobitná úprava povinností a práv pracovníkov štátnej správy. Zákaz členstva v riadiacich alebo kontrolných orgánoch právnických osôb prevádzkujúcich podnikateľskú činnosť. Konkretizácia povinnosti pracovn...

Descrizione completa

Salvato in:
Dettagli Bibliografici
Autore principale: Vladárová, Marta
Natura: Capitolo di libro
Lingua:slovacco
Soggetti:
Tags: Aggiungi Tag
Nessun Tag, puoi essere il primo ad aggiungerne!!

MARC

LEADER 00000naa a2200000 4500
001 r011146
005 20220831085021.0
041 0 |a slo 
044 |a [CS] 
245 1 0 |a Ku stretu záujmov.  |c Marta Vladárová 
520 |a Výklad zákona č. 231/1992 Zb., ktorým sa mení a dopĺňa Zákonník práce a zákon o zamestnanosti. Osobitná úprava povinností a práv pracovníkov štátnej správy. Zákaz členstva v riadiacich alebo kontrolných orgánoch právnických osôb prevádzkujúcich podnikateľskú činnosť. Konkretizácia povinnosti pracovníka v pracovnom poriadku. Regulácia výkonu inej pracovnej činnosti. 
610 2 0 |a správa štátna 
610 2 0 |a pracovníci 
610 2 0 |a predpisy právne 
610 2 0 |a zákony 
610 2 0 |a podnikanie 
610 2 0 |a činnosť vedľajšia 
610 2 0 |a Slovensko 
610 2 0 |a zákonník práce 
610 2 0 |a povinnosti pracovníkov 
100 1 |a Vladárová, Marta